Rafael Nadal - All Opponents in Grand Slams - Statistics

General Stats
  • This quiz has been taken 149 times
  • The average score is 44 of 186
Answer Stats
Hint Answer % Correct
18 Novak Djokovic
99%
14 Roger Federer
99%
9 Andy Murray
93%
4 Stan Wawrinka
82%
7 David Ferrer
80%
3 Alexander Zverev
79%
6 Dominic Thiem
79%
2 Jannik Sinner
79%
7 Juan Martín del Potro
79%
2 Daniil Medvedev
77%
3 Gaël Monfils
76%
2 Stefanos Tsitsipas
74%
3 Marin Čilić
71%
3 Jo-Wilfried Tsonga
68%
1 Casper Ruud
67%
3 Nick Kyrgios
67%
2 Andy Roddick
63%
1 John Isner
63%
4 Kei Nishikori
63%
1 Taylor Fritz
63%
5 Tomáš Berdych
63%
2 Matteo Berrettini
59%
6 Richard Gasquet
59%
1 Andre Agassi
58%
1 Andrey Rublev
58%
2 Kevin Anderson
57%
6 Lleyton Hewitt
57%
4 Fabio Fognini
56%
6 Robin Söderling
56%
2 Frances Tiafoe
55%
2 Grigor Dimitrov
54%
1 Félix Auger-Aliassime
53%
4 Fernando Verdasco
52%
1 Carlos Moyá
50%
3 Karen Khachanov
50%
1 Denis Shapovalov
49%
1 Milos Raonic
48%
6 Diego Schwartzman
47%
2 Alex de Minaur
44%
1 Dustin Brown
43%
1 Mariano Puerta
41%
2 Pablo Carreño Busta
41%
1 David Goffin
38%
4 Gilles Müller
38%
1 Roberto Bautista Agut
37%
1 David Nalbandian
36%
1 Jack Draper
36%
5 Nicolás Almagro
36%
3 Gilles Simon
35%
1 Ivo Karlović
34%
1 Jack Sock
34%
1 Borna Ćorić
33%
2 Sam Querrey
33%
2 Cameron Norrie
32%
2 Feliciano López
32%
1 James Blake
32%
1 Lucas Pouille
32%
2 Tommy Haas
32%
1 Francisco Cerúndolo
30%
2 Marcos Baghdatis
30%
1 Ernests Gulbis
28%
3 Fernando González
28%
2 Lukáš Rosol
28%
2 Mackenzie McDonald
28%
1 Sebastian Korda
28%
1 Steve Darcis
26%
1 Benoît Paire
24%
1 Janko Tipsarević
24%
1 Andreas Seppi
23%
1 Jordan Thompson
23%
1 Lorenzo Sonego
23%
2 Thanasi Kokkinakis
23%
2 Botic van de Zandschulp
22%
1 Nicolas Mahut
22%
2 Ivan Ljubičić
21%
2 Viktor Troicki
21%
6 Mikhail Youzhny
20%
1 Alexei Popyrin
19%
3 Paul-Henri Mathieu
19%
1 Adrian Mannarino
18%
1 Corentin Moutet
18%
1 Tommy Robredo
18%
3 Mardy Fish
17%
2 Robin Haase
17%
2 Bernard Tomic
16%
2 Dušan Lajović
16%
1 João Sousa
16%
3 Philipp Kohlschreiber
16%
1 Alexandr Dolgopolov
15%
1 Andreas Beck
14%
3 Denis Istomin
14%
1 Juan Mónaco
14%
1 Sébastien Grosjean
14%
1 Hyeon Chung
13%
1 Mario Ančić
13%
2 Nikoloz Basilashvili
13%
1 Ryan Harrison
13%
1 Vasek Pospisil
13%
3 Jarkko Nieminen
12%
1 Jürgen Melzer
12%
1 Laslo Djere
12%
1 Damir Džumhur
11%
1 Mark Philippoussis
11%
2 Simone Bolelli
11%
1 Alun Jones
10%
1 Jiří Novák
10%
1 Marcos Giron
10%
1 Rainer Schüttler
10%
1 Ričardas Berankis
10%
4 Thomaz Bellucci
10%
1 Younes Aynaoui El
10%
1 Federico Delbonis
9%
2 Martin Kližan
9%
1 Guido Pella
8%
2 Marcos Daniel
8%
1 Pablo Andújar
8%
1 Taro Daniel
8%
2 Yannick Hanfmann
8%
1 Christophe Rochus
7%
1 Julien Benneteau
7%
1 Sam Groth
7%
1 Albert Montañés
6%
1 Donald Young
6%
1 Florian Mayer
6%
1 James Duckworth
6%
1 Jiří Veselý
6%
3 Leonardo Mayer
6%
2 Nicolas Kiefer
6%
1 Paradorn Srichaphan
6%
1 Quentin Halys
6%
2 John Millman
5%
2 Mikhail Kukushkin
5%
1 Rinky Hijikata
5%
1 Robert Ginepri
5%
1 Xavier Malisse
5%
1 Alex Kuznetsov
4%
2 Andrey Kuznetsov
4%
2 Dudi Sela
4%
1 Flavio Cipolla
4%
1 Stefano Travaglia
4%
1 Daniel Brands
3%
1 Yegor Gerasimov
3%
1 Facundo Bagnis
2%
1 Horacio Zeballos
2%
1 Hugo Dellien
2%
1 Ivan Dodig
2%
1 Matthew Ebden
2%
1 Maximilian Marterer
2%
2 Teymuraz Gabashvili
2%
1 Víctor Burgos Estrella
2%
1 Andrey Golubev
1%
1 Björn Phau
1%
1 Fernando Vicente
1%
1 Kevin Kim
1%
1 Lars Burgsmüller
1%
1 Philipp Petzschner
1%
1 Rogério Silva Dutra
1%
1 Yannick Maden
1%
1 Alex Bogdanovic
0%
1 Antonio Veić
0%
2 Bobby Reynolds
0%
1 Eduardo Schwank
0%
1 Florent Serra
0%
1 Gianni Mina
0%
1 Irakli Labadze
0%
1 Ivo Heuberger
0%
1 Juan Londero Ignacio
0%
1 Lee Childs
0%
1 Luis Horna
0%
2 Lukáš Lacko
0%
1 Michael Mmoh
0%
1 Michael Russell
0%
1 Michal Tabara
0%
1 Nicolas Devilder
0%
1 Peter Luczak
0%
2 Robert Kendrick
0%
1 Roko Karanušić
0%
2 Ryan Sweeting
0%
1 Ryler DeHeart
0%
1 Scoville Jenkins
0%
1 Thierry Ascione
0%
1 Tim Smyczek
0%
1 Vincent Spadea
0%
1 Werner Eschauer
0%
1 Wesley Moodie
0%
1 Yūichi Sugita
0%
No matching quizzes found
Score Distribution
Percent of People with Each Score
Percentile by Number Answered
Your Score History
You have not taken this quiz